| 000 | 00825nam a2200253Ia 4500 | ||
|---|---|---|---|
| 003 | OSt | ||
| 005 | 20221005030245.0 | ||
| 006 | a|||||r|||| 00| 0 | ||
| 007 | ta | ||
| 008 | 221004b |||||||| |||| 00| 0 eng d | ||
| 020 |
_a9780521548519 (pbk) _c1229.97 |
||
| 024 | _a101058 | ||
| 037 |
_b5700, 30/03/2010, Efficient Book Distributors _cTextual |
||
| 040 |
_aCRL _cCRL _beng |
||
| 041 |
_2eng _aeng |
||
| 082 | _aO111,1N39:g, P6 | ||
| 100 |
_aHowells Coral Ann Ed. _9438914 |
||
| 245 | 0 | _aCambridge campanion to Margaret Atwood | |
| 260 |
_aCambridge _bCambridge University Press 2006 _c2006 |
||
| 300 |
_axvi,205p. _ccm. |
||
| 650 | _aENGLISH LITERATURE | ||
| 942 |
_hO111,1N39:g, P6 _cTEXL _2cc |
||
| 999 |
_c935913 _d935913 |
||